000 00997nam a2200265 i 4500
001 77687
003 ES-MaACL
005 20250825063329.0
007 t|
008 041103e1999 pr |r 00110 spa d
020 _a0-8477-0368-1
080 _a338.1(729.5)
245 0 0 _aFuturo económico de Puerto Rico :
_bantología de ensayos del Proyecto sobre el Futuro Económico de Puerto Rico /
_cFrancisco E. Martínez, compilador
250 _a1ª ed.
260 _aSan Juan de Puerto Rico :
_bUniversidad de Puerto Rico,
_c1999
300 _aVIII, 410 páginas ;
_c23 cm
504 _aReferencias bibliográficas
651 4 _aPuerto Rico-
_xSituación económica
_99291
700 1 _aMartínez Aponte, Francisco E.
_ecom
_977742
710 2 _aUniversidad de Puerto Rico (San Juan)
_eedt
_9242018
852 4 _aES-MaACL
_bR.134451
_cDEPO2
_hDonativo Ateneo Puertorriqueño
_jE-10218
942 _2udc
_cMONOGRAFIA
_n0
999 _c77687
_d77687